Assisting new entrants into Scottish farming (Record no. 109082)

MARC details
000 -LEADER
fixed length control field 01215cad a22001935a 4500
001 - CONTROL NUMBER
control field E146236
008 - FIXED-LENGTH DATA ELEMENTS--GENERAL INFORMATION
fixed length control field 081217s2008 xxk f 000 0 eng d
035 ## - SYSTEM CONTROL NUMBER
System control number (Sirsi) u146236
041 0# - LANGUAGE CODE
Language code of text/sound track or separate title eng
050 04 - LIBRARY OF CONGRESS CALL NUMBER
Classification number 630.09411 $2 18
110 2# - MAIN ENTRY--CORPORATE NAME
Corporate name or jurisdiction name as entry element Tenant Farming Forum
9 (RLIN) 4640
245 00 - TITLE STATEMENT
Title Assisting new entrants into Scottish farming
Remainder of title recommendations to the Cabinet Secretary
Medium [electronic resource]
260 ## - PUBLICATION, DISTRIBUTION, ETC.
Place of publication, distribution, etc. [S.l.]
Name of publisher, distributor, etc. Tenant Farming Forum
Date of publication, distribution, etc. [2008]
520 ## - SUMMARY, ETC.
Summary, etc. Sets out the results of research undertaken on behalf of the Tenant Farming Forum in order to gather information on potential barriers to new entrants to the tenant farming sector. Suggests that the most significant perceived barries are the lack of available land; the high cost of land; and competition from established farmers. Makes recommendations as to how these problems could be addressed by the Scottish Government.
651 #4 - SUBJECT ADDED ENTRY--GEOGRAPHIC NAME
Geographic name Scotland
Chronological subdivision 1999-
690 ## - LOCAL SUBJECT ADDED ENTRY--TOPICAL TERM (OCLC, RLIN)
Topical term or geographic name as entry element PROPERTY-LANDLORD AND TENANT-TENANCIES-AGRICULTURAL TENANCIES
856 40 - ELECTRONIC LOCATION AND ACCESS
Uniform Resource Identifier <a href="https://www.tenantfarmingforum.org.uk/resources/000/244/596/38_BARRIERS_TO_NEW_ENTRANTS_TO_SCOTTISH_FARMING_-_Final_Copy__2_.pdf">https://www.tenantfarmingforum.org.uk/resources/000/244/596/38_BARRIERS_TO_NEW_ENTRANTS_TO_SCOTTISH_FARMING_-_Final_Copy__2_.pdf</a>
Public note View the report free of charge at www.tenantfarmingforum.org.uk
942 ## - ADDED ENTRY ELEMENTS (KOHA)
Suppress in OPAC 0
Holdings
Withdrawn status Lost status Source of classification or shelving scheme Damaged status Not for loan Home library Current library Shelving location Date acquired Total Checkouts Full call number Barcode Date last seen Copy number Price effective from Koha item type
    Dewey Decimal Classification     Virtual Virtual Online 17/12/2008   ONLINE PUBLICATION 146236-2001 06/08/2019 1 06/08/2019 Book